00418cam a22000977a 4500008004000000082001700040245011800057260005800175300001000233700007700243180718b1960 xxu||||| |||| 00| 0 eng d aV431x54 In2c aAll about chambal valley developmentcby Central Water and Power Commission, Ministry of Irrigations& Power,India aDelhibMinistry of infromation and Boardcastingc1960 a86+P. aIndia. Ministry of Irrigation & Power.Central Water and Power Commission